Two Grade Arithmetic / (Record no. 13233)
[ view plain ]
| 000 -LEADER | |
|---|---|
| fixed length control field | 00602nam a2200217 a 4500 |
| 001 - CONTROL NUMBER | |
| JCCL Control Number | 13233 |
| 003 - CONTROL NUMBER IDENTIFIER | |
| JCCL marc code | BD-JhCC |
| 005 - DATE AND TIME OF LATEST TRANSACTION | |
| control field | 20230730124632.0 |
| 008 - FIXED-LENGTH DATA ELEMENTS--GENERAL INFORMATION | |
| fixed length control field | 210323s1963 nyu |||| |||| 000 0 eng d |
| 035 ## - SYSTEM CONTROL NUMBER | |
| system control number | (BD-JhCC)13233 |
| 040 ## - CATALOGING SOURCE | |
| Original cataloging agency | BD-JhCC |
| Modifying agency | BD-JhCC |
| 041 ## - LANGUAGE CODE | |
| Language code of Book | eng |
| 082 ## - DEWEY DECIMAL CLASSIFICATION NUMBER | |
| Classification number | 513.076 |
| Author mark and Year | LOV 1956 |
| 100 ## - MAIN ENTRY--PERSONAL NAME | |
| Personal name | Lovell, K. |
| 245 ## - TITLE STATEMENT | |
| Title | Two Grade Arithmetic / |
| Statement of responsibility, etc | K. Lovell and C.H.J. Smith |
| 260 ## - PUBLICATION, DISTRIBUTION, ETC. (IMPRINT) | |
| Place of publication, distribution, etc | New York : |
| Name of publisher, distributor, etc | Odhams Books limited, |
| Date of publication, distribution, etc | 1956. |
| 300 ## - PHYSICAL DESCRIPTION | |
| Pagination | 95 p. : |
| Other physical details | ill. ; |
| Dimensions | 21 cm. |
| 650 ## - SUBJECT ADDED ENTRY--TOPICAL TERM | |
| Topical term or geographic name as entry element | Arithmetic--Study and teaching (Elementary) |
| 700 ## - ADDED ENTRY--PERSONAL NAME | |
| Personal name | Smith, C.H.J. |
| 942 ## - ADDED ENTRY ELEMENTS (KOHA) | |
| Source of classification or shelving scheme | Dewey Decimal Classification |
| Koha item type | Books |
| Koha issues (borrowed), all copies | 2 |
| Source of classification or shelving scheme | volume number | Damaged status | Not for loan | Home library | Current library | Shelving location | Date of accession | Total Checkouts | Full call number | Barcode | Date last seen | Copy number | Method of acquisition | Koha item type | Currency |
|---|---|---|---|---|---|---|---|---|---|---|---|---|---|---|---|
| Dewey Decimal Classification | V-4 | JCC Rouf Library | JCC Rouf Library | General Stacks | 06/23/2023 | 513.076 LOV 1956 | 11186 | 07/30/2023 | C-1 | Purchase | Books | BDT |